000
00340pab a2200145 454500
008
180718b1984 xxu||||| |||| 00| 0 eng d
100
_a
Chowla, N.L.
245
_a
Media
_b
Role of radio and TV in social change
260
_c
1984
300
_a
11-13
362
_a
14 Jan.
650
_a
Television
773
_a
Mainstream
909
_a
19248
999
_c
19248
_d
19248